Statistics for 10 Tallest Mountains in the World

Click here to take the quiz!

General Stats

  • This quiz has been taken 26 times
  • The average score is 5 of 10

Answer Stats

CountryAltitudeSummit% Correct
China / Nepal8848Everest
100%
China / Pakistan8611K2
95%
China / Nepal8516Lhotse
53%
Nepal8091Annapurna
47%
Pakistan8126Nanga Parbat
42%
India / Nepal8586Kangchenjunga
37%
China / Nepal8485Makalu
32%
Nepal8163Manaslu
26%
China / Nepal8188Cho Oyu
21%
Nepal8167Dhaulagiri
21%

Score Distribution

Percentile by Number Answered

Percent of People with Each Score

Your Score History

You have not taken this quiz